| 000 | 00445nam a2200193Ia 4500 | ||
|---|---|---|---|
| 003 | LK-CoDNM | ||
| 005 | 20241128093351.0 | ||
| 008 | 010623t xxu||||| |||| 00| 1 sin d | ||
| 040 |
_aLK-CoDNM _dLK-CoDNM _eLK-CoDNM |
||
| 041 | _asin | ||
| 080 |
_a294.3:1 _bGNA |
||
| 100 | _aGnanaseeha Thero,Henpitagedara. | ||
| 245 | _aලෝකය | ||
| 246 | _aLookaya | ||
| 260 | _bAnura | ||
| 300 | _b136p. ; 18 cm | ||
| 650 | _aWORLD | ||
| 942 | _cBK | ||
| 999 |
_c140859 _d140859 |
||